Bucholz Army Airfield Destinations (Kwajalein, Marshall Islands) - Statistics

General Stats
  • This quiz has been taken 17 times
  • The average score is 6 of 18
Answer Stats
Airline Destination % Correct
Air Transport International/United Airlines Honolulu
92%
Air Marshall Islands/United Airlines Majuro
92%
United Airlines Guam
67%
United Airlines Chuuk
58%
United Airlines Pohnpei
42%
United Airlines Kosrae
33%
Air Marshall Islands Bikini
25%
Air Marshall Islands Airok
17%
Air Marshall Islands Elenak
17%
Air Marshall Islands Enewetak
17%
Air Marshall Islands Jeh
17%
Air Marshall Islands Lae
17%
Air Marshall Islands Likiep
17%
Air Marshall Islands Rongelap
17%
Air Marshall Islands Ujae
17%
Air Marshall Islands Woja
17%
Air Marshall Islands Wotho
17%
Air Marshall Islands Majking
8%
No matching quizzes found
Score Distribution
Percent of People with Each Score
Percentile by Number Answered
Your Score History
You have not taken this quiz